000
00197 a2200097 4500
001
58216
100
_a
245
_a
Crisis in the cockpit
260
_a
NY
_b
Mcmillan
_c
1998
090
_c
35716
_d
35716
942
_a
NUST-CAE
_c
_c
28576
999
_c
293289
_d
293289